Les plus grands ports du monde sur une carte - Statistiques

Statistiques générales
  • Ce quiz a été pris 2 054 fois
  • Le résultat moyen est 23 sur 100
Réponses sur la Carte
Les réponses sont colorées sur une échelle allant du rouge au vert en fonction du pourcentage des utilisateurs qui les ont devinées à leur premier essai. Vous pouvez retrouver ces pourcentages ci-dessous.
 
Statistiques - réponses
Trafic total annuel Port Pays % Correct
466,6 Rotterdam Pays-Bas
82%
646,5 Shanghaï Chine
81%
81,9 Marseille France
78%
68,2 Le Havre France
77%
114,9 New York Etats-Unis
76%
575,8 Singapour Singapour
72%
85,3 Tokyo Japon
67%
54,6 Los Angeles Etats-Unis
66%
45,9 Barcelone Espagne
63%
256,6 Hong Kong Chine
61%
110,3 Sepetiba Brésil
57%
475,4 Guangzhou Chine
54%
137,8 Hambourg Allemagne
54%
45,4 Londres Royaume-Uni
53%
119,2 Santos Brésil
52%
208,4 Anvers Belgique
51%
170,2 Dubaï Emirats Arabes Unis
51%
91,9 Algésiras Espagne
50%
98,7 Amsterdam Pays-Bas
50%
69,6 Valence Espagne
48%
138,2 Vancouver Canada
45%
61,1 Mumbai Inde
44%
79,9 Osaka Japon
44%
49,7 Alexandrie Egypte
41%
51,2 Gênes Italie
41%
72 Saldanha Bay Afrique du Sud
41%
46,5 Dunkerque France
39%
218,7 Houston Etats-Unis
39%
191 Shenzhen Chine
38%
48,9 Tanjung Priok Indonésie
38%
51,5 Saint-Pétersbourg Russie
37%
347,7 Busan Corée du Sud
34%
73,4 Laem Chabang Thaïlande
33%
57,3 Manille Philippines
30%
50,1 Calcutta Inde
29%
48,5 Youjne Ukraine
29%
48,7 Aliaga Turquie
23%
79,6 La Nouvelle-Orléans Etats-Unis
23%
440,4 Tianjin Chine
23%
54,5 Djeddah Arabie Saoudite
22%
93,6 Ho-Chi-Minh Viêt Nam
22%
50 Karachi Pakistan
21%
57,1 Trieste Italie
20%
73,4 Bremerhaven Allemagne
18%
197,9 Nagoya Japon
18%
163,9 Newcastle Australie
18%
102,4 Richards Bay Afrique du Sud
18%
889 Ningbo Chine
17%
97 Kobe Japon
16%
51,3 Chennai Inde
14%
476,2 Qingdao Chine
13%
62,3 Bâton-Rouge Etats-Unis
11%
235 Louisiane du Sud Etats-Unis
11%
114,7 Yokohama Japon
11%
200,5 Xiamen Chine
10%
56,3 Constanta Roumanie
9%
54,7 Chittagong Bangladesh
8%
157,6 Incheon Corée du Sud
8%
320,6 Dalian Chine
7%
77,7 Corpus Christi Etats-Unis
6%
146,6 Itaqui Brésil
5%
70,9 Long Beach Etats-Unis
5%
452,9 Port Hedland Australie
5%
52,4 Hampton Roads Etats-Unis
4%
110,9 Kaohsiung Taïwan
4%
53,1 Mobile Etats-Unis
4%
219,7 Port Kelang Malaisie
4%
67,7 Bandar Abbas Iran
2%
166,9 Chiba Japon
2%
59,1 Immingham Royaume-Uni
2%
64,4 Izmit Turquie
2%
99,3 Kitakyushu Japon
2%
73,3 Novorossiissk Russie
2%
361 Rizhao Chine
2%
73,6 Taichung Taïwan
2%
519,9 Tangshan Chine
2%
136,2 Tanjung Pelepas Malaisie
2%
170,7 Ulsan Corée du Sud
2%
79 Beaumont Etats-Unis
1%
78 Botas Turquie
1%
169,9 Dampier Australie
1%
104,6 Gladstone Australie
1%
72,3 Jubail Arabie Saoudite
1%
51,4 Lake Charles Etats-Unis
1%
64 Nhava Sheva Inde
1%
87,9 Oust-Louga Russie
1%
51,3 Pohang Corée du Sud
1%
59,6 Primorsk Russie
1%
246,5 Qinhuangdao Chine
1%
540 Taicang Chine
1%
137,2 Tubarao Brésil
1%
64,2 Visakhapatnam Inde
1%
65,8 Yanbu Arabie Saoudite
1%
338,5 Yingkou Chine
1%
69,2 Daesan Corée du Sud
0%
272 Gwangyang Corée du Sud
0%
115,7 Hay Point Australie
0%
75,7 Paradip Inde
0%
48,5 Plaquemine Etats-Unis
0%
49,5 Sao Sebastiao Brésil
0%
Aucun quiz correspondant
Distribution des résultats
% des personnes avec chaque résultat
Percentile par nombre de réponses
Votre historique - résultats
Vous n’avez pas pris ce quiz